Complete plays / (Record no. 73116)

MARC details
000 -LEADER
fixed length control field 00739nam a22002057a 4500
005 - DATE AND TIME OF LATEST TRANSACTION
control field 20130117141354.0
010 ## - LCCN (DPL NO)
LC control number ENG-106615
020 ## - INTERNATIONAL STANDARD BOOK NUMBER
International Standard Book Number 9788124117132
Terms of availability 595.00
035 ## - SYSTEM CONTROL NUMBER
System control number EN-90148
037 ## - SOURCE OF ACQUISITION
Source of stock number/acquisition DBAD/PUB
100 ## - MAIN ENTRY--PERSONAL NAME
Personal name Das, J. P.
245 ## - TITLE STATEMENT
Title Complete plays /
Statement of responsibility, etc by J. P. Das
260 ## - PUBLICATION, DISTRIBUTION, ETC. (IMPRINT)
Place of publication, distribution, etc New Delhi
Name of publisher, distributor, etc Har-Anand
Date of publication, distribution, etc 2012
270 ## - ADDRESS
Address E-49/3, Okhla Industrial Area, Phase-II,
City New Delhi
Postal code 110020
300 ## - PHYSICAL DESCRIPTION
Extent 256p.
Dimensions 22cm(Hb)
700 ## - ADDED ENTRY--PERSONAL NAME
Personal name Bhattacharjee, Nirmal Kanti
9 (RLIN) 54863
942 ## - ADDED ENTRY ELEMENTS (KOHA)
Source of classification or shelving scheme Dewey Decimal Classification
Item type English Books
Call number suffix DAS
Holdings
Withdrawn status Lost status Not for loan Collection code Home library Current library Date acquired Source of acquisition Cost, normal purchase price Full call number Barcode Copy number Cost, replacement price Koha item type
      Non-fiction D.B.Act.Division D.B.Act.Division 17/01/2013 DBAD/PUB 595.00 DAS EN-90148 1 595.00 English Books

© Delhi Public Library
Hit Counter
free hit counter